| 000 | 00788nam a2200253 a 4500 | ||
|---|---|---|---|
| 003 | PILC | ||
| 005 | 20151027135451.0 | ||
| 008 | 110617s19uu xx 00 eng d | ||
| 020 | _a9780022742805 | ||
| 050 |
_aQK 47 _b.At887 1993 |
||
| 082 |
_aGS 580 A9 _b1993 |
||
| 100 |
_aThibodeau, Gary A., 1938- _98234 |
||
| 245 |
_aThe Plant Kingdom _cAtwater, Mary |
||
| 260 |
_aSt. Louis : _bMosby, _c1993 |
||
| 300 | _a1 v. (various pagings) : ill. | ||
| 500 | _aIncludes appendices, glossary and index. | ||
| 650 |
_aHuman physiology _97520 |
||
| 650 |
_aHuman anatomy _92588 |
||
| 650 |
_aPhysiology, Pathological _98235 |
||
| 700 |
_aPatton, Kevin T. _98236 |
||
| 942 |
_2lcc _cBK |
||
| 999 |
_c11866 _d11866 |
||